[Event "London Weekend op 12"]
[Site "London"]
[Date "2016.12.10"]
[Round "2"]
[White "Saravanan, Karthik"]
[Black "Stoyanov, Viktor"]
[Result "0-1"]
[WhiteElo "1754"]
[BlackElo "1677"]
[PlyCount "152"]
[EventDate "2016.12.09"]
[EventType "swiss"]
[EventRounds "5"]
[EventCountry "ENG"]
[SourceTitle "CBM 176 Extra"]
[Source "ChessBase"]
[SourceDate "2017.03.02"]
[SourceVersion "1"]
[SourceVersionDate "2017.03.02"]
[SourceQuality "1"]

1. e4 c5 2. Nf3 g6 3. d3 Bg7 4. Nbd2 Nc6 5. g3 d6 6. Bg2 e6 7. 0-0 Nge7 8. Re1 0-0 9. c3 Rb8 10. Nf1 b5 11. Be3 b4 12. Qd2 Qa5 13. d4 Rd8 14. Rec1 d5 15. e5 bxc3 16. bxc3 Ba6 17. Bg5 Rd7 18. Qf4 cxd4 19. cxd4 Nb4 20. Qd2 Qd8 21. Rc3 Rc7 22. Rb1 Rxc3 23. Qxc3 Nbc6 24. Rxb8 Qxb8 25. Qc5 Bf8 26. N3d2 Qb6 27. Qxb6 axb6 28. Bxe7 Bxe7 29. Nb3 Bc4 30. Nfd2 Bxb3 31. Nxb3 Bb4 32. Bf1 Bc3 33. Bb5 Nxd4 34. Nxd4 Bxd4 35. Kf1 Bxe5 36. Ke2 Kf8 37. Ke3 Ke7 38. Bd3 Kd6 39. f4 Bc3 40. Bc2 Kc5 41. Kd3 Bd4 42. h3 Bf2 43. g4 Bg3 44. Ke3 Kc4 45. Bd3+ Kc3 46. f5 d4+ 47. Ke2 e5 48. a4 Bf4 49. Be4 Kb4 50. Bc2 e4 51. Bxe4 Kxa4 52. Bc2+ Ka3 53. Kd3 Be3 54. Kc4 Kb2 55. Ba4 Kc1 56. Kd3 Kb2 57. Be8 gxf5 58. gxf5 f6 59. Bb5 Kb3 60. Bc4+ Kb4 61. Ba2 b5 62. Bd5 Ka3 63. Kc2 Bf4 64. Bg8 h6 65. Bd5 b4 66. Bc4 Be5 67. Bd3 b3+ 68. Kb1 Kb4 69. Kb2 Bd6 70. Be2 Ka4 71. Bd3 Ba3+ 72. Kb1 Kb4 73. Be2 Kc3 74. Bf3 Kd2 75. Bg4 Ke1 76. Bf3 d3 0-1

[Event "EU-ch U14 25th"]
[Site "Porec"]
[Date "2015.09.29"]
[Round "8"]
[White "Saravanan, Karthik"]
[Black "Kobal, Sasa"]
[Result "0-1"]
[WhiteElo "1657"]
[BlackElo "1810"]
[PlyCount "78"]
[EventDate "2015.09.21"]
[EventType "swiss"]
[EventRounds "9"]
[EventCountry "CRO"]
[SourceTitle "EXT 2016"]
[Source "ChessBase"]
[SourceDate "2015.10.08"]
[SourceVersion "1"]
[SourceVersionDate "2015.10.08"]
[SourceQuality "1"]

1. e4 c5 2. Nf3 Nc6 3. d4 cxd4 4. Nxd4 g6 5. Nc3 Bg7 6. Be3 Nf6 7. Bc4 0-0 8. Bb3 d6 9. f3 a6 10. Qd2 Ne5 11. 0-0-0 b5 12. Qe2 Bd7 13. h4 h5 14. Bg5 Rc8 15. Kb1 Nc4 16. g4 Qa5 17. Nd5 Nxd5 18. exd5 Nxb2 19. Bd2 Qa3 20. Bc1 Nxd1 21. Qxd1 Qb4 22. Bb2 hxg4 23. fxg4 Rc3 24. Ne2 Re3 25. Nd4 Re4 26. c3 Qc5 27. Bc2 Rxg4 28. Ne6 Bxe6 29. dxe6 f5 30. h5 gxh5 31. Qe1 Qe5 32. Qd1 Qe3 33. Bd3 Rg3 34. Bc2 Qf3 35. Qc1 Bxc3 36. Bxc3 Qxc3 37. Qh6 Rc8 38. Bxf5 Qb4+ 39. Ka1 Qd4+ 0-1

[Event "EU-ch U14 25th"]
[Site "Porec"]
[Date "2015.09.28"]
[Round "7"]
[White "Borzan, Andrej"]
[Black "Saravanan, Karthik"]
[Result "0-1"]
[WhiteElo "1540"]
[BlackElo "1657"]
[PlyCount "86"]
[EventDate "2015.09.21"]
[EventType "swiss"]
[EventRounds "9"]
[EventCountry "CRO"]
[SourceTitle "EXT 2016"]
[Source "ChessBase"]
[SourceDate "2015.10.08"]
[SourceVersion "1"]
[SourceVersionDate "2015.10.08"]
[SourceQuality "1"]

1. e4 c5 2. Nf3 d6 3. Bb5+ Bd7 4. Bxd7+ Qxd7 5. 0-0 Nf6 6. Re1 Nc6 7. c3 e6 8. d4 cxd4 9. Nxd4 Be7 10. Bg5 0-0 11. Nd2 Rac8 12. Nf1 Rfd8 13. Ng3 Nxd4 14. cxd4 Qb5 15. Bxf6 Bxf6 16. Rb1 Rc4 17. Ne2 Rdc8 18. Nc3 Qb6 19. d5 Rb4 20. dxe6 fxe6 21. Na4 Qa6 22. b3 b5 23. Nb2 Bc3 24. Re3 Rd4 25. Qc2 Qxa2 26. Re2 b4 27. Nc4 Qa6 28. Qa2 Qb7 29. h3 Rc5 30. Qa4 Rc8 31. Rc1 a6 32. e5 dxe5 33. Rxe5 Rdxc4 34. bxc4 Bxe5 35. Re1 Bd4 36. Rxe6 Bxf2+ 37. Kh1 Qf7 38. Rc6 Re8 39. Qd1 Re1+ 40. Qxe1 Bxe1 41. Rc8+ Qf8 42. Rxf8+ Kxf8 43. c5 Bg3 0-1

[Event "EU-ch U14 25th"]
[Site "Porec"]
[Date "2015.09.24"]
[Round "4"]
[White "Saravanan, Karthik"]
[Black "Morgunov, Daniel"]
[Result "0-1"]
[WhiteElo "1657"]
[BlackElo "2109"]
[PlyCount "114"]
[EventDate "2015.09.21"]
[EventType "swiss"]
[EventRounds "9"]
[EventCountry "CRO"]
[SourceTitle "EXT 2016"]
[Source "ChessBase"]
[SourceDate "2015.10.08"]
[SourceVersion "1"]
[SourceVersionDate "2015.10.08"]
[SourceQuality "1"]

1. e4 c5 2. Nf3 Nc6 3. d3 g6 4. Nbd2 Bg7 5. g3 d6 6. Bg2 e6 7. 0-0 Nge7 8. Re1 0-0 9. Nf1 Rb8 10. c3 b5 11. Be3 a5 12. Qc2 b4 13. N1d2 Ba6 14. Rad1 Qc7 15. Bf1 Na7 16. d4 Bxf1 17. Nxf1 cxd4 18. Nxd4 bxc3 19. bxc3 Rfc8 20. Rc1 Nb5 21. Ne2 Nxc3 22. Nxc3 Qxc3 23. Qa4 Qb4 24. Qd7 Bf6 25. Bd2 Qa3 26. Re3 Qxa2 27. Qxd6 Rd8 28. Qf4 Bd4 29. Rd3 e5 30. Qf3 Rb2 31. Ra3 Qe6 32. Rxa5 Bb6 33. Ra3 Rbxd2 34. Nxd2 Rxd2 35. Rf1 Kg7 36. Qb3 Qf6 37. Qf3 Qxf3 38. Rxf3 Re2 39. Rb3 Bd4 40. Rb7 Nc8 41. Kg2 Nd6 42. Rd7 Nxe4 43. Kf3 Rxf2+ 44. Rxf2 Nxf2 45. h4 Kf6 46. Rd6+ Kf5 47. Rd7 Ke6 48. Rc7 e4+ 49. Kg2 e3 50. Kf3 Nd3 51. Ke2 Ne5 52. Rc8 Kd5 53. Rd8+ Ke4 54. Rh8 Nf3 55. Rxh7 Ng1+ 56. Ke1 Bc3+ 57. Kf1 e2+ 0-1

[Event "Newmarket EACU op"]
[Site "Newmarket"]
[Date "2015.05.31"]
[Round "5"]
[White "Saravanan, Karthik"]
[Black "Stewart, Ashley"]
[Result "1/2-1/2"]
[WhiteElo "1532"]
[BlackElo "2065"]
[PlyCount "115"]
[EventDate "2015.05.30"]
[EventType "swiss"]
[EventRounds "5"]
[EventCountry "ENG"]
[SourceTitle "CBM 166 Extra"]
[Source "ChessBase"]
[SourceDate "2015.06.18"]
[SourceVersion "1"]
[SourceVersionDate "2015.06.18"]
[SourceQuality "1"]

1. e4 c5 2. Nf3 g6 3. d4 cxd4 4. Nxd4 Bg7 5. Nc3 Nc6 6. Be3 Nf6 7. f3 0-0 8. Qd2 d5 9. Nxc6 bxc6 10. e5 Nd7 11. f4 Qa5 12. Be2 Rb8 13. b3 e6 14. 0-0 f6 15. exf6 Nxf6 16. Rad1 Kh8 17. Bd4 c5 18. Be5 Nd7 19. Bxg7+ Kxg7 20. Ne4 Qxd2 21. Nxd2 Nf6 22. Bf3 Ng8 23. g3 Ne7 24. c4 Nf5 25. Rfe1 Rd8 26. cxd5 exd5 27. Nc4 Nd4 28. Ne5 Nxf3+ 29. Nxf3 Bg4 30. Kf2 Rb7 31. Rc1 Bxf3 32. Kxf3 Rc7 33. Re5 Kf7 34. h4 Rd6 35. Ke3 Re6 36. Rxe6 Kxe6 37. b4 c4 38. Kd4 Kd6 39. Rc3 Rb7 40. a3 a5 41. bxa5 Ra7 42. g4 Rxa5 43. Re3 c3 44. Kxc3 Rxa3+ 45. Kd2 Rxe3 46. Kxe3 h5 47. gxh5 gxh5 48. Kd4 Ke6 49. f5+ Kxf5 50. Kxd5 Kg4 51. Ke4 Kxh4 52. Kf4 Kh3 53. Kf3 Kh2 54. Kf2 h4 55. Kf1 h3 56. Kf2 Kh1 57. Kf1 h2 58. Kf2 1/2-1/2

[Event "BCF-chT3S 1415 (4NCL)"]
[Site "England"]
[Date "2015.02.14"]
[Round "5.99"]
[White "Saravanan, Karthik"]
[Black "Adams, Mark"]
[Result "0-1"]
[WhiteElo "1528"]
[BlackElo "1995"]
[PlyCount "58"]
[EventDate "2014.11.15"]
[EventType "team-swiss"]
[EventRounds "6"]
[EventCountry "ENG"]
[SourceTitle "EXT 2016"]
[Source "ChessBase"]
[SourceDate "2015.10.08"]
[SourceVersion "1"]
[SourceVersionDate "2015.10.08"]
[SourceQuality "1"]
[WhiteTeam "Broadland Harnsers II"]
[BlackTeam "The Full Ponty"]
[WhiteTeamCountry "ENG"]
[BlackTeamCountry "ENG"]

1. e4 c5 2. Nf3 a6 3. d3 Nc6 4. Nbd2 d6 5. g3 g6 6. Bg2 Bg7 7. 0-0 e5 8. Nc4 Nge7 9. Be3 b5 10. Ncd2 0-0 11. Nh4 Rb8 12. c3 Be6 13. f4 exf4 14. Bxf4 b4 15. Rc1 Qd7 16. Nhf3 Rb6 17. Ng5 Bg4 18. Qc2 h6 19. Nc4 hxg5 20. Nxb6 Qb7 21. Bxd6 Qxb6 22. Qf2 Qb5 23. Bxc5 bxc3 24. bxc3 Qxd3 25. e5 Be6 26. Bxc6 Nxc6 27. Bxf8 Bxf8 28. Qf3 Bc5+ 29. Rf2 Qxf3 0-1